000 00331nam a22001457a 4500
008 210511b ||||| |||| 00| 0 eng d
020 _a9781883982447
041 _aeng
080 _a32
082 _a32
100 _a19
101 _aSHP
245 _aSt. Louis Politics the Triumph of Tradition
_cLana Stein
942 _2udc
_cBK
999 _c57236
_d57236